| 000 | 05550cam a2200337ua 4500 | ||
|---|---|---|---|
| 005 | 20200212151339.0 | ||
| 008 | 850226k17861787sp fre 001 0 lat d | ||
| 040 |
_aCo-BoUCM _cSandra Yazo (modificó) _dSandra Yazo (modificó) |
||
| 041 | _alat | ||
| 082 | 0 | 4 |
_220 _a030 |
| 092 | _aE27N048 | ||
| 100 | 1 |
_aFerraris, Lucius _d-1763 _939579 |
|
| 242 | 0 | 0 |
_aBiblioteca de fácil consulta sobre temas canónicos, jurídicos, morales, teológicos, ascéticos, polémicos, de rúbricas e históricos de casi todas las materias más importantes, que se presentan a diario y que no siempre se encuentran o se pueden consultar con facilidad. Sacada de Ambos Derechos, de las Constituciones de los Papas, de los Concilios, de los Decretos de las Sagradas Congregaciones, de las sentencias de la Sacra Rota Romana, recopilada cuidadosamente por autores reconocidos y selectos. Distribuida en diez tomos _cPor el trabajo esmerado del Doctor en Leyes Francisco María de Vallarna _yspa |
| 245 | 1 | 0 |
_aPrompta Bibliotheca canonica, juridica, moralis, theologica necnon ascetica, polemica, rubricistica, historica ... de principalioribus et fere omnibus, quae in dies occurrunt, nec penes omnes facile, ac prompte reperiri possunt, ex utroque jure, pontificiis constitutionibus, conciliis, sacrarum congregationum decretis, sacrae romanae rotae decisionibus, ac probatissimimis et selectissimis auctoribus accurate collecta, ... ac in decem tomos distributa ... _cOpera ac studio in totum elaboratum L. D. Francisci Mariae Vallarna ... |
| 260 |
_aMatriti [Madrid] (España) _bEx typographia regia [En la Imprenta Real] _c1786 - 1787 |
||
| 300 |
_a8 tomos en 4 volúmenes ([10], 439 ; [4], 360 ; [ 4], 377 ; [4], 385 ; 342 ; 448 ; 323 ; 432, 174 páginas) _c36 x 23 cm. |
||
| 500 | _aDetalles físicos: Encuadernación semi-rígida, cartón blando forrado en pergamino. Tapas y lomo con pergamino sucio, con desgaste en bordes y lomos del V.1-2 y V. 5-6 con rotura. Guardas, algunas con roturas y desprendidas. Portadas impresas en una sola tinta, con marca tipográfica de los editores, firma (D. Masústegui). Palabras al lector. Dedicatoria. Catálogo de convenciones. Indicie inicial. Mayúsculas capitales, cenefas y remates. Texto impreso en dos columnas con varios tipos y tamaños de letra. Al inicio de cada entrada sumario, párrafos numerados. Notas de pie de página separadas del texto por una línea horizontal. Signaturas y reclamos. Algunas hojas con papel mal cortado, sobrante doblado V.2 Pág. 143, 229-232, V.10 pág. 295. V.1-2 Entre guardas delantera una hoja suelta con anotación manuscrita y con sello de tinta. Anteportada con anotación manuscrita de donación (Masústegui). V.3-4 sin encuadernación original, actualmente encuadernación rígida (holandesa) en cartón forrado en papel, lomo en tela con letras doradas, tapas con deterioro en bordes y esquinas. Guardas. Papel con manchas de suciedad, humedad y oxidación de tinta. Deformación de plano. V.5-6 nota de donación en guarda delantera. V.9-10: Guarda y portada con anotaciones. Papel con deformación de plano, pág. 429 fe de erratas. Incluye un suplemento al final con pág. 115-118 desprendidas y fe de erratas al final. Colección incompleta | ||
| 505 | 2 | _aV.1-2: A “Abbas” (Abad) – B “Bulla Cruciatae” [Bula de la Cruazada] ; C “Cadavera” [cadáveres] – C “Culpa” -- V.3-4: D “Damnificatio” (Daño, perjuicio) – E “Extrema Unctio” [Extremaunción] ; F “Falcidia” [relacionado con la Ley Falcidia, sobre herencias] – J “Juspatronatus” [derecho de patronato] -- V.5-6: I “Idolatria” – L “Luxuria” [Lujuria] ; M “Macellum” [Sacrificio de ganado] - “Ostiariatus” [Ostiariado: primera de las antiguas Órdenes Menores] -- V.9-10: T “Tabaccum” (tabaco) – Z “ Zingari, Zingarae” [Gitano, gitana] ; Suplemento -- Decretos de la congregación de ritos ; Apéndice con Resoluciones de la Sagrada Congregación del Concilio ; Índices general de los temas principales que se incluyen en esta biblioteca ; Suplemento | |
| 506 | _aConsulta en sala | ||
| 546 | _aTexto en latín | ||
| 650 | 7 |
_913225 _aDiccionarios enciclopédicos _xObras anteriores a 1800 |
|
| 650 | 7 |
_925230 _aTeología _vDiccionarios _xObras anteriores a 1800 |
|
| 650 | 7 |
_97494 _aDerecho _vDiccionarios _xObras anteriores a 1800 |
|
| 650 | 7 |
_919752 _aMoral _vDiccionarios _xObras anteriores a 1800 |
|
| 690 |
_aEnciclopedias _983224 |
||
| 856 | 4 |
_uhttp://books.google.com.co/books?id=_v07rvG9T0wC&printsec=frontcover&dq=Prompta+Bibliotheca+canonica+1786&hl=es&sa=X&ei=T0LIUff_O6mFiAK2zYCQBw&ved=0CDYQ6AEwAg#v=onepage&q=Prompta%20Bibliotheca%20canonica%201786&f=false _zDisponible en línea V.3 |
|
| 856 | 4 |
_uhttp://books.google.com.co/books?id=HU2bJ1v-RYwC&printsec=frontcover&dq=Prompta+Bibliotheca+canonica+1786&hl=es&sa=X&ei=T0LIUff_O6mFiAK2zYCQBw&ved=0CCwQ6AEwAA#v=onepage&q=Prompta%20Bibliotheca%20canonica%201786&f=false _zDisponible en línea V.4 |
|
| 856 | 4 |
_uhttp://books.google.com.co/books?id=jUUzFhz7UZQC&printsec=frontcover&dq=inauthor:%22Lucio+Ferraris%22&hl=es&sa=X&ei=8UXIUY_DMaqZiALqxoCgAQ&ved=0CF0Q6AEwBw#v=onepage&q&f=false _zDisponible en línea V.6 |
|
| 856 | 4 |
_uhttps://books.google.com.co/books?id=8u1VAAAAcAAJ&pg=PA535&dq=Prompta+Bibliotheca+canonica,+juridica,+moralis+1787&hl=es&sa=X&ved=0ahUKEwjYhsfX6MznAhWFq1kKHRKlADMQ6AEILDAA#v=onepage&q=Prompta%20Bibliotheca%20canonica%2C%20juridica%2C%20moralis%201787&f=false _zDisponible en línea V.8 (1789) |
|
| 942 |
_cLIBRO _e1 _2LOCAL _hE27N048 |
||
| 999 |
_c167743 _d167743 |
||